Stationen der S2 (Wien) - Statistiken

Allgemein
  • Dieses Quiz wurde 28 mal gespielt
    19 seit der letzten Aktualisierung
  • Das Durchschnittsergebnis liegt bei 19 aus 39
Antwortstatistiken
Station % Korrekt
Mödling
88%
Wien Floridsdorf
82%
Wien Hauptbahnhof
82%
Wien Liesing
82%
Wien Meidling
82%
Wien Rennweg
76%
Laa an der Thaya
71%
Perchtoldsdorf
71%
Wien Atzgersdorf
71%
Wien Leopoldau
71%
Wien Matzleinsdorfer Platz
71%
Wien Mitte-Landstraße
71%
Wien Praterstern
71%
Wien Traisengasse
71%
Mistelbach
65%
Wien Hetzendorf
65%
Wien Siemensstraße
65%
Brunn-Maria Enzersdorf
59%
Wien Handelskai
59%
Wien Quartier Belvedere
59%
Wolkersdorf
59%
Gerasdorf
41%
Neubau-Kreuzstetten
41%
Schleinbach
35%
Kapellerfeld
29%
Staatz
29%
Enzersdorf bei Staatz
24%
Frättingsdorf
24%
Kottingneusiedl
24%
Mistelbach-Stadt
24%
Obersdorf
24%
Seyring
24%
Siebenhirten NÖ
24%
Ulrichskirchen
24%
Hautzendorf
18%
Ladendorf
18%
Niederkreuzstetten
18%
Paasdorf
18%
Hörersdorf
12%
Keine übereinstimmenden Quizze gefunden
Verteilung der Resultate
Anzahl Personen mit jedem Resultat
Perzentil nach korrekt beantworteten Fragen
Ihre Resultats-Entwicklung
Sie haben dieses Quiz seit der letzten Aktualisierung nicht gespielt